Born to serve / (Record no. 10922)

MARC details
000 -LEADER
fixed length control field 00588nam a22001817a 4500
008 - FIXED-LENGTH DATA ELEMENTS--GENERAL INFORMATION
fixed length control field 230419b |||||||| |||| 00| 0 eng d
020 ## - INTERNATIONAL STANDARD BOOK NUMBER
ISBN 97899785080407
040 ## - CATALOGING SOURCE
Original cataloging agency NLN
Language of cataloging Eng
100 ## - MAIN ENTRY--AUTHOR
Author CHIGBO, Enuma
Relator term aut
245 ## - TITLE STATEMENT
Title Born to serve /
Statement of responsibility, etc Enuma Chigbo and Ejiro Barrett
260 ## - PUBLICATION, DISTRIBUTION, ETC. (IMPRINT)
Place of publication FCT, Abuja (Close road 341, Gwarinpa Estate) :
Name of publisher African Agenda Publication,
Date of publication 2011.
300 ## - COLLATION
Pagination v, 206p. :
Other physical details col. ill.; 22cm.
650 ## - TRACINGS
Main Subject Imoke, Liyel
650 ## - TRACINGS
Main Subject Governor
Subdivision (1st) Cross River state
Subdivision (2nd) Biography
942 ## - ADDED ENTRY ELEMENTS (KOHA)
Item type Books
050 ## - LIBRARY OF CONGRESS CALL NUMBER
Classification number DT515.83.I33
Item number C534
082 ## - DEWEY DECIMAL CLASSIFICATION NUMBER
Classification number 823.2
Holdings
Source of classification or shelving scheme Not for loan Home library Current library Date acquired Full call number Barcode. Koha item type
Library of Congress Classification   ABEOKUTA BRANCH LIBRARY National Library of Nigeria 19/04/2023 DT515.83.I33 C534 2023-0104 Books

National Library of Nigeria OPAC is powered by Koha